00725nam a22001815i 4500001000700000003000900007005001700016008004100033040002000074100002100094245010800115260008300223300002100306490002900327611005800356830002900414852010000443162244ES-MaACL20230906212448.0041105s1875 sp |||| | spa d aCAM bspa cCAM1 aPlanelles, Luis.10aSanidad b: Juicio crítico de la conferencia sanitaria internacional de Viena / cpor Luis Planelles. aMadrid : b[s.n.], c1875 (fEstablecimiento tipográficos de Manuel Minuesa) a98 p. ; c23 cm.1 aEstudios administrativos24aConferencia Sanitaria Internacional. d1874. cViena)0 aEstudios administrativos aES-MaACLjT-377-F-1 z-- Enc. hol. q-- Falto de la cub. original z-- Enc. en un vol. facticio